000 01186njm a2200277 i 4500
001 4758
003 ES-MaACL
005 20240603191052.0
007 s|r|||||||||||
008 070813s1976 sp ||| g ||||||||1|nspa d
100 1 _aAlonso Schökel, Luis.
_9181472
245 1 0 _aColoquio en torno a la nueva Biblia española [
_hGrabación sonora] /
_cintervienen Luis Alonso Schökel y Juan Mateos.
260 _aMadrid :
_bAteneo de Madrid,
_c1976.
300 _a2 discos (CD-DA) (1 h. 16 min. 20 seg.) ;
_c12 cm.
500 _aDatos basados en la invitación.
518 _aActo organizado por el Aula de Conferencias Independientes del Ateneo de Madrid, grabado en el salón de actos el lunes 9 de febrero de 1976, a las 19:30 h.
610 2 4 _aAteneo de Madrid-
_xActos culturales-
_y1976-
_vGrabaciones sonoras.
_91886
630 0 4 _aBiblia-
_xCrítica e interpretación.
_9119239
700 1 _aMateos, Juan (
_d1917-2003)
_9152355
710 2 _aAteneo de Madrid.
_bAula de Conferencias Independientes.
_91937
800 _t48
_9236809
852 4 _aES-MaACL
_cROT
_jROT 3/5/19
_94875
852 4 _aES-MaACL
_cROT
_jROT 3/5/20
_9202993
942 _2udc
_cCDROM
999 _c4758
_d4758